| Format: | Imagens |
|---|---|
| Localització: | F03277 |
| LEADER | 002630000a22000850004500 | ||
|---|---|---|---|
| 040 | |a IJSN | ||
| 852 | |a BIBLIO |b BIBLIO |c F03277 | ||
| 942 | |c IM | ||
| 952 | |0 0 |1 0 |4 0 |7 0 |9 15766 |a BIBLIO |b BIBLIO |c F03277 |d 2012-03-28 |l 0 |p 15766 |r 2012-03-28 00:00:00 |w 2012-03-28 |y IM |w 2012-03-28 | ||
| 999 | |c 14203 |d 14203 | ||